Guess the 1970s song lyrics #86 - Statistics

General Stats
  • This quiz has been taken 28 times
  • The average score is 270 of 459
Answer Stats
Answer % Correct
The
100%
the
100%
a
96%
he
92%
in
92%
In
92%
Of
92%
of
92%
and
88%
And
88%
be
88%
go
88%
it
88%
on
88%
time
88%
to
88%
When
88%
when
88%
down
79%
for
79%
For
79%
it's
79%
what
79%
where
79%
her
75%
is
75%
man
75%
ship
75%
they
75%
They
75%
all
71%
from
71%
good
71%
know
71%
lake
71%
Lake
71%
night
71%
came
67%
Came
67%
lives
67%
love
67%
or
67%
That
67%
that
67%
too
67%
up
67%
been
63%
big
63%
call
63%
come
63%
Fitzgerald
63%
said
63%
times
63%
can
58%
dead
58%
Does
58%
Edmund
58%
goes
58%
have
58%
never
58%
over
58%
supper
58%
was
58%
water
58%
Well
58%
well
58%
wind
58%
With
58%
with
58%
anyone
54%
are
54%
At
54%
early
54%
gives
54%
had
54%
his
54%
If
54%
Superior
54%
Than
54%
than
54%
As
50%
as
50%
bell
50%
called
50%
Could
50%
crew
50%
did
50%
each
50%
legend
50%
November
50%
say
50%
some
50%
wave
50%
waves
50%
wreck
50%
captain
46%
Chippewa
46%
gales
46%
God
46%
rang
46%
Takes
46%
turn
46%
deck
42%
like
42%
man's
42%
more
42%
old
42%
Old
42%
rough
42%
took
42%
twenty-nine
42%
went
42%
ya
42%
cook
38%
Erie
38%
every
38%
feed
38%
iron
38%
knew
38%
late
38%
made
38%
peril
38%
pride
38%
side
38%
back
33%
Bay
33%
behind
33%
broke
33%
capsized
33%
Detroit
33%
Fellas
33%
Gitche
33%
later
33%
lights
33%
load
33%
Michigan
33%
might
33%
most
33%
Ontario
33%
ore
33%
put
33%
rain
33%
seasoned
33%
true
33%
weighed
33%
bays
29%
bigger
29%
Cleveland
29%
comin
29%
empty
29%
hours
29%
Huron
29%
left
29%
mansion
29%
may
29%
miles
29%
minutes
29%
Sailor's
29%
sight
29%
they'd
29%
tons
29%
Whitefish
29%
American
25%
below
25%
boats
25%
Cathedral
25%
daughters
25%
deep
25%
dreams
25%
face
25%
faces
25%
main
25%
mill
25%
north
25%
sayin
25%
ship's
25%
sons
25%
sportsmen
25%
tale
25%
caved
21%
church
21%
Coming
21%
feelin
21%
fifteen
21%
hall
21%
hatchway
21%
ice
21%
Maritime
21%
names
21%
pm
21%
send
21%
seven
21%
sound
21%
split
21%
steel
21%
wired
21%
Wisconsin
21%
witch
21%
wives
21%
young
21%
bone
17%
chewed
17%
chimed
17%
fully
17%
Gumee
17%
islands
17%
loaded
17%
mariners
17%
musty
17%
outta
17%
prayed
17%
remains
17%
skies
17%
slashin
17%
thousand
17%
wait
17%
breakfast
13%
dawn
13%
freighters
13%
further
13%
gloomy
13%
railing
13%
remembered
13%
rolls
13%
searchers
13%
sings
13%
stealin
13%
steams
13%
tattle
13%
Twas
13%
twenty-six
13%
west
13%
wires
13%
afternoon
8%
Concluding
8%
couple
8%
firms
8%
freezin
8%
hurricane
8%
rooms
8%
terms
8%
till
8%
No matching quizzes found
Score Distribution
Percent of People with Each Score
Percentile by Number Answered
Your Score History
You have not taken this quiz